Pilgrimage and Economy in the Ancient Mediterranean /

In Pilgrimage and Economy in the Ancient Mediterranean , Anna Collar and Troels Myrup Kristensen bring together diverse scholarship to explore the socioeconomic dynamics of ancient Mediterranean pilgrimage from archaic Greece to Late Antiquity, the Greek mainland to Egypt and the Near East. This bro...

وصف كامل

محفوظ في:

مؤلفون آخرون: Kristensen, Troels Myrup (المحرر), Collar, Anna (المحرر)

التنسيق: كتاب الكتروني

اللغة: English

منشور في: Leiden; Boston : BRILL, 2020.

سلاسل: Religions in the Graeco-Roman World ; 192.
Classical Studies E-Books Online, Collection 2020, ISBN: 9789004393820.

الموضوعات:

الوصول للمادة أونلاين: Login to view Source

الوسوم: إضافة وسم

لا توجد وسوم, كن أول من يضع وسما على هذه التسجيلة!

رقم الطلب: BL619.P5

LEADER 02687nam a22004811i 4500
001 BRILL9789004428690
003 nllekb
005 20230529212606.0
006 m d
007 cr un uuuua
008 200407s2020 ne sb 001 0 eng d
020 |a 9789004428690  |q (electronic book) 
020 |a 9789004428683  |q (print) 
024 7 |a 10.1163/9789004428690  |2 DOI 
035 |z (OCoLC)1143633509 
040 |a NL-LeKB  |c NL-LeKB  |e rda 
050 4 |a BL619.P5 
072 7 |a HRAX  |2 bicssc 
072 7 |a REL  |x 033000  |2 bisacsh 
082 0 4 |a 203.510938  |2 23 
245 0 0 |a Pilgrimage and Economy in the Ancient Mediterranean /  |c Anna Collar, Troels Myrup Kristensen. 
264 1 |a Leiden;   |a Boston :  |b BRILL,  |c 2020. 
300 |a 1 online resource. 
336 |a text  |b txt  |2 rdacontent 
337 |a computer  |b c  |2 rdamedia 
338 |a online resource  |2 rdacarrier 
490 1 |a Religions in the Graeco-Roman World ;  |v 192 
490 1 |a Classical Studies E-Books Online, Collection 2020, ISBN: 9789004393820 
520 |a In Pilgrimage and Economy in the Ancient Mediterranean , Anna Collar and Troels Myrup Kristensen bring together diverse scholarship to explore the socioeconomic dynamics of ancient Mediterranean pilgrimage from archaic Greece to Late Antiquity, the Greek mainland to Egypt and the Near East. This broad chronological and geographical canvas demonstrates how our modern concepts of religion and economy were entangled in the ancient world. By taking material culture as a starting point, the volume examines the ways that landscapes, architecture, and objects shaped the pilgrim's experiences, and the manifold ways in which economy, belief and ritual behaviour intertwined, specifically through the processes and practices that were part of ancient Mediterranean pilgrimage over the course of more than 1,500 years. 
559 4 |a BL619.P5 
588 |a Description based on print version record. 
650 0 |a Economics  |x Religious aspects. 
650 0 |a Pilgrims and pilgrimages  |z Mediterranean Region. 
650 0 |a Religion  |x Economic aspects. 
700 1 |a Kristensen, Troels Myrup,  |e editor. 
700 1 |a Collar, Anna,  |e editor. 
776 0 8 |i Print version:  |t Pilgrimage and Economy in the Ancient Mediterranean,   |d Leiden Boston : BRILL, 2020  |z 9789004428683 
830 0 |a Religions in the Graeco-Roman World ;  |v 192. 
830 0 |a Classical Studies E-Books Online, Collection 2020, ISBN: 9789004393820. 
856 4 |z DOI:   |u http://dx.doi.org/10.1163/9789004428690 
942 |2 lcc  |c EBOOK 
952 |0 0  |1 0  |2 lcc  |4 0  |6 BL0619 P5  |7 1  |9 48872  |a BRILL  |b BRILL  |d 2023-05-29  |l 0  |o BL619.P5  |r 2023-05-29 00:00:00  |w 2023-05-29  |y EBOOK 
999 |c 54216  |d 54216